Stations de Tramway de Caen - Statistiques

Statistiques générales
  • Ce quiz a été pris 153 fois
  • Le résultat moyen est 32 sur 57
Statistiques - réponses
Réponse % Correct
Gare SNCF
89%
Gare SNCF
89%
Université
87%
Université
87%
Château Quatrans
82%
Saint-Pierre
82%
Saint-Pierre
82%
Saint-Pierre
82%
CROUS SUAPS
80%
CROUS SUAPS
80%
Campus 2
79%
Place de la Mare
73%
Place de la Mare
73%
Château Quatrans
71%
Château Quatrans
71%
CHU
70%
Calvaire Saint Pierre
69%
Gare Rives de l'Orne
67%
Bernières
65%
Bernières
65%
Bernières
65%
Quai de Juillet
63%
Quai de Juillet
63%
Quai de Juillet
63%
Campus 4
61%
Copernic
61%
Copernic
61%
Jean Vilar
59%
Presqu'ile
57%
Résistance Saint-Jean
57%
Résistance Saint-Jean
56%
Résistance Saint-Jean
56%
Château d'eau
55%
Côte de Nacre
55%
Café des images
54%
Lux-Lépine
52%
Pierre Heuzé
48%
CITIS
47%
Lux-Lépine
46%
Aviation
41%
Saint Clair
41%
Cité U Lebisey
39%
Grace de dieu
39%
Hauts de l'orne
39%
Rostand Fresnel
38%
Leroy
37%
Leroy
37%
Poincaré
34%
Poincaré
34%
Place de l'Europe
33%
College Hawking
32%
Guynemer
30%
Guynemer
30%
Liberté
29%
Modigliani
27%
Concorde
23%
Calvaire Saint Pierre
3%
Aucun quiz correspondant
Distribution des résultats
% des personnes avec chaque résultat
Percentile par nombre de réponses
Votre historique - résultats
Vous n’avez pas pris ce quiz